| 000 | 00458nam a2200169 a 4500 | ||
|---|---|---|---|
| 005 | 20140310183339.0 | ||
| 008 | 061115s19uu xx 00 eng d | ||
| 020 | _a1591393507 | ||
| 050 |
_aHD 66 _b.R447 2004 |
||
| 245 | _aTeams that click / | ||
| 260 |
_aBoston, Massachesetts : _bHarvard Business School Press, _c2004. |
||
| 300 |
_a165 p. : _c20 cm. |
||
| 521 | _aBSBA | ||
| 650 | _aTeams in the workplace. | ||
| 942 |
_cBK _2lcc _kFOR |
||
| 999 |
_c21764 _d21764 |
||